Music Quiz

Random Music or Artist Quiz
Score 0/124 Timer 15:00
0 Plays Today
% Correct
Dr. Troll
100%
Suha
92.9%
Poe Poe
92.9%
Brooklyn Dodgers
92.9%
Dear God, I Hate Myself
92.9%
Don Diasco
85.7%
I Broke Up
85.7%
Luber
85.7%
Apistat Commander
85.7%
Walnut House
85.7%
Pink City
85.7%
Sad Redux-O-Grapher
85.7%
Blacks
85.7%
Fast Car
85.7%
Crank Heart
85.7%
I Luv The Valley OH!
85.7%
Bunny Gamer
85.7%
Fabulous Muscles
85.7%
Clowne Towne
85.7%
Bog People
85.7%
Bishop, CA
85.7%
Gray Death
85.7%
Hi
85.7%
Angel Guts
85.7%
Stupid in the Dark
85.7%
Red Classroom
85.7%
Get Up
85.7%
Forget
85.7%
Homunculus
78.6%
Sad Pony Guerrilla Girl
78.6%
20,000 Deaths for Eidelyn Gonzales, 20,000 Deaths for Jamie Peterson
78.6%
Ian Curtis Wishlist
78.6%
Support Our Troops OH!
78.6%
Brian The Vampire
78.6%
Mike
78.6%
Muppet Face
78.6%
I Luv Abortion
78.6%
Cinthya's Unisex
78.6%
The Call
78.6%
Queen of the Losers
78.6%
Wondering
78.6%
Jenny GoGo
78.6%
% Correct
At Last, At Last
78.6%
Faith, Torn Apart
78.6%
Girl with Basket of Fruit
78.6%
It Comes Out as a Joke
78.6%
Ice Cream Truck
78.6%
Pumpkin Attack on Mommy and Daddy
78.6%
Mary Turner Mary Turner
78.6%
Scisssssssors
78.6%
Normal Love
78.6%
Mousey Toy
71.4%
Boy Soprano
71.4%
Vulture Piano
71.4%
Save Me Save Me
71.4%
F.T.W.
71.4%
Chocolate Makes You Happy
71.4%
Secret Motel
71.4%
Smear the Queen
71.4%
Black Drum Machine
71.4%
A Knife in the Sun
71.4%
Botanica de Los Angeles
71.4%
Hay Choco Bananas
71.4%
PJ in the Streets...
64.3%
The Fox & the Rabbit
64.3%
House Sparrow
64.3%
Black Dick
64.3%
Petite
64.3%
The Wrong Thing
64.3%
Hives Hives
57.1%
Over Over
57.1%
No Friend Oh!
57.1%
Apple For A Brain
57.1%
Hyunhye's Theme
57.1%
This Too Shall Pass Away (For Freddy)
57.1%
Amargi ve Moo
57.1%
Nieces Pieces
50%
Clover
50%
Baby Captain
50%
Rose of Sharon
50%
Ale
50%
Dangerous You Shouldn't Be Here
50%
Buzz Saw
50%
Wig Master
50%
% Correct
I Do What I Want, When I Want
50%
In Lust You Can Hear the Axe Fall
50%
Black Keyboard
50%
Child At Arms
50%
White Nerd
50%
Cumberland Gap
50%
Impossible Feeling
50%
Joey's Song
50%
Beauty Towne
50%
Honeysuckle
50%
Born To Suffer
50%
Factory Girl
50%
Lawrence Liquors
50%
Adult Friends
50%
Anne Dong
42.9%
Tonite and Today (What Chu' Talkin' 'Bout)
42.9%
Little Panda McElroy
42.9%
Saturn
42.9%
Yellow Raspberry
42.9%
The Pineapple vs the Watermelon
42.9%
Under Pressure (feat. Michael Gira)
42.9%
Gayle Lynn
42.9%
Archie's Fades
42.9%
New Life Immigration
42.9%
El Naco
42.9%
Bitter Melon
42.9%
Pox
35.7%
Saint Pedro Glue Stick
35.7%
Master of the Bump (Kurt Stumbaugh, I Can Feel the Soil Falling Over My Head)
35.7%
You Are Pregnant, You Are Dead
35.7%
Gul Mudin
35.7%
The Silver Platter
35.7%
Hello From Eau Claire
28.6%
Falkland Rd.
28.6%
The Fabrizio Palumbo Retaliation
28.6%
The Oldness
28.6%
Guantanamo Canto
21.4%
Puff and Bunny
21.4%
The Leash
14.3%
Chimney's Afire (Mickensian Suicide)
14.3%

You're not logged in!

Compare scores with friends on all Sporcle quizzes.
OR
Log In

Sporcle TV

Today on Sporcle TV


Watch our educational content, quiz creation guides, and fun videos on Sporcle TV.

Show Comments

Extras

Top Quizzes Today


Score Distribution

Paid Content

Your Account Isn't Verified!

In order to create a playlist on Sporcle, you need to verify the email address you used during registration. Go to your Sporcle Settings to finish the process.

Report this User

Report this user for behavior that violates our Community Guidelines.

Details: